000
00202 a2200097 4500
001
10756
100
_a
Webster
245
_a
The merriam-webster thesaurus
260
_a
_b
N. Y.
_c
090
_c
8351
_d
8351
942
_a
NUST-CAE
_c
M
_c
35102
999
_c
245829
_d
245829